| 000 -LEADER |
| fixed length control field |
01702nam a2200169 4500 |
| 008 - FIXED-LENGTH DATA ELEMENTS--GENERAL INFORMATION |
| fixed length control field |
190903b ||||| |||| 00| 0 eng d |
| 100 ## - MAIN ENTRY--PERSONAL NAME |
| Personal name |
Das, Tiken |
| 245 ## - TITLE STATEMENT |
| Title |
Measuring women's self-help group sustainability: a study of rural Assam |
| 260 ## - PUBLICATION, DISTRIBUTION, ETC. (IMPRINT) |
| Date of publication, distribution, etc |
2019 |
| 300 ## - PHYSICAL DESCRIPTION |
| Extent |
p.116-136. |
| 520 ## - SUMMARY, ETC. |
| Summary, etc |
The Self-help Group Bank Linkage Programme (SHG-BLP) is now a major global microfinance programme in India with 8.7 million SHGs with deposit of over `195,000 million and annual loan offtake of more than `470,000 million. However, group sustainability is having a wider concern among donor agencies, practitioners, policymakers and academicians to achieve persistent benefit from SHGs in financial intermediation. The present study made an attempt to examine the status of group sustainability with the help of multidimensional sustainability index of SHGs (MDSISHG) by combining organizational, managerial and financial indicators of 60 SHGs in Assam. It was found that 95 per cent of SHGs positioned within the range of ‘high’ and ‘moderate’ MDSISHG status and, therefore, may maintain their function well over a long period of time. Thus, the study recommends for enlargement of the scope of semiformal financial institutions (in our study: SHGs) in rural areas of Assam only for income-generating activities with proper market linkages. There is a scope to regenerate and validate the findings using relatively large sample size with SHGs of varied socio-economic background. - Reproduced. |
| 650 ## - SUBJECT ADDED ENTRY--TOPICAL TERM |
| Topical term or geographic name as entry element |
Women - India - Assam |
| 9 (RLIN) |
9528 |
| 700 ## - ADDED ENTRY--PERSONAL NAME |
| Personal name |
Guha, Pradyut |
| 9 (RLIN) |
9529 |
| 773 ## - HOST ITEM ENTRY |
| Main entry heading |
International Journal of Rural Management |
| 906 ## - LOCAL DATA ELEMENT F, LDF (RLIN) |
| Subject DIP |
Self help - India - Assam |
| 942 ## - ADDED ENTRY ELEMENTS (KOHA) |
| Source of classification or shelving scheme |
|
| Item type |
Articles |